Maintaining military medical skills during peacetime (Record no. 219961)
[ view plain ]
| 000 -LEADER | |
|---|---|
| fixed length control field | 01641nam a2200373 a 4500 |
| 100 1# - MAIN ENTRY--AUTHOR NAME | |
| Personal name | Eibner, Christine. |
| 245 10 - TITLE STATEMENT | |
| Title | Maintaining military medical skills during peacetime |
| 260 ## - PUBLICATION, DISTRIBUTION, ETC. (IMPRINT) | |
| Place of publication | Santa Monica, Calif. : |
| Name of publisher | Rand Corp., |
| Year of publication | 2008. |
| 300 ## - PHYSICAL DESCRIPTION | |
| Number of Pages | xv, 39 p. : |
| Other physical details | ill. |
| 500 ## - GENERAL NOTE | |
| General note | "MG-638-OSD"--[p.4] of cover. |
| General note | "Prepared for the Office of the Secretary of Defense. Approved for public release, distribution unlimited." |
| 650 #0 - SUBJECT ADDED ENTRY--TOPICAL TERM | |
| Topical Term | Medicine, Military |
| Topical Term | Manpower planning |
| 856 40 - ELECTRONIC LOCATION AND ACCESS | |
| Uniform Resource Identifier | http://site.ebrary.com/lib/rucke/Doc?id=10505573 |
No items available.
